Largest Cities that Drive on the Left Hand Side - Statistics

General Stats
  • This quiz has been taken 14 times
  • The average score is 47 of 142
Answer Stats
Population Region City % Correct
36,900,000 Indian Subcontinent Delhi
100%
41,300,000 Japan Tokyo
100%
6,900,000 African Great Lakes Dar Es Salaam
91%
23,700,000 Indian Subcontinent Dhaka
91%
29,800,000 Southeast Asia Jakarta
91%
15,100,000 Southern Africa Johannesburg
91%
21,800,000 Indian Subcontinent Karachi
91%
22,400,000 Southeast Asia Krung Thep
91%
15,400,000 British Isles London
91%
5,450,000 Australasia Melbourne
91%
28,100,000 Indian Subcontinent Mumbai
91%
5,300,000 Australasia Sydney
91%
1,480,000 Australasia Adelaide
82%
1,540,000 Australasia Auckland
82%
15,300,000 Indian Subcontinent Bangalore
82%
4,100,000 British Isles Birmingham
82%
5,200,000 Southern Africa Cape Town
82%
5,150,000 Indian Subcontinent Chittagong
82%
5,000,000 Indian Subcontinent Colombo
82%
12,100,000 | 2,525,000 Indian Subcontinent Hyderabad
82%
18,100,000 Indian Subcontinent Kolkata
82%
9,750,000 Southeast Asia Kuala Lumpur
82%
6,350,000 British Isles Manchester
82%
10,500,000 Japan Nagoya
82%
7,150,000 African Great Lakes Nairobi
82%
17,700,000 Japan Osaka
82%
8,150,000 Southeast Asia Singapore
82%
3,575,000 Australasia Brisbane
73%
13,300,000 Indian Subcontinent Chennai
73%
1,760,000 British Isles Glasgow
73%
15,000,000 Indian Subcontinent Lahore
73%
2,250,000 British Isles Leeds
73%
2,475,000 Australasia Perth
73%
10,200,000 Indian Subcontinent Ahmedabad
64%
1,010,000 British Isles Bristol
64%
1,570,000 British Isles Dublin
64%
3,975,000 Southern Africa Durban
64%
5,350,000 African Great Lakes Kampala
64%
3,225,000 Indian Subcontinent Kathmandu
64%
4,325,000 Indian Subcontinent Lucknow
64%
3,100,000 Southern Africa Lusaka
64%
2,650,000 Southern Africa Maputo
64%
1,540,000 British Isles Sheffield
64%
6,000,000 Southeast Asia Surabaya
64%
2,700,000 Indian Subcontinent Agra
55%
1,870,000 Japan Hiroshima
55%
8,250,000 Indian Subcontinent Pune
55%
2,500,000 Japan Sapporo
55%
7,050,000 Southeast Asia Bandung
45%
1,540,000 British Isles Newcastle
45%
5,800,000 Indian Subcontinent Rawalpindi
45%
1,250,000 Southeast Asia Denpasar
36%
4,650,000 Indian Subcontinent Jaipur
36%
1,250,000 Southern Africa Lilongwe
36%
4,300,000 Southeast Asia Medan
36%
2,875,000 Japan Fukuoka
27%
2,100,000 Southeast Asia George Town
27%
1,680,000 Indian Subcontinent Kochi
27%
1,400,000 African Great Lakes Mombasa
27%
1,260,000 Japan Naha
27%
2,175,000 Japan Okayama
27%
1,200,000 Southern Africa Port Elizabeth
27%
1,520,000 Japan Sendai
27%
8,400,000 Indian Subcontinent Surat
27%
1,080,000 African Great Lakes Zanzibar
27%
2,825,000 Indian Subcontinent Bhopal
18%
3,150,000 Indian Subcontinent Coimbatore
18%
4,200,000 Indian Subcontinent Faisalabad
18%
3,875,000 Indian Subcontinent Indore
18%
3,750,000 Indian Subcontinent Kanpur
18%
2,475,000 Indian Subcontinent Multan
18%
3,625,000 Indian Subcontinent Nagpur
18%
1,430,000 British Isles Nottingham
18%
1,810,000 Southeast Asia Palembang
18%
3,000,000 Indian Subcontinent Patna
18%
2,175,000 Indian Subcontinent Peshawar
18%
1,040,000 Indian Subcontinent Puducherry
18%
1,200,000 British Isles Southampton
18%
2,175,000 Indian Subcontinent Varanasi
18%
1,550,000 Indian Subcontinent Amritsar
9%
2,850,000 Indian Subcontinent Chandigarh
9%
1,620,000 Southeast Asia Chonburi
9%
1,620,000 Indian Subcontinent Gwalior
9%
1,300,000 Japan Hamamatsu
9%
1,950,000 Japan Kitakyushu
9%
1,680,000 Indian Subcontinent Kota
9%
1,070,000 Indian Subcontinent Kozhikode
9%
1,150,000 Japan Kumamoto
9%
1,820,000 Southeast Asia Makassar
9%
1,390,000 African Great Lakes Mwanza
9%
1,400,000 Indian Subcontinent Mysore
9%
1,790,000 Indian Subcontinent Quetta
9%
2,300,000 Indian Subcontinent Rajkot
9%
2,150,000 Southeast Asia Semarang
9%
1,120,000 Japan Shizuoka
9%
1,790,000 Southeast Asia Yogyakarta
9%
1,490,000 Indian Subcontinent Aligarh
0%
1,230,000 African Great Lakes Arusha
0%
1,780,000 Indian Subcontinent Asansol
0%
2,150,000 Indian Subcontinent Aurangabad
0%
1,000,000 Indian Subcontinent Bahawalpur
0%
1,550,000 Indian Subcontinent Bareilly
0%
1,290,000 Southeast Asia Batam
0%
3,475,000 Indian Subcontinent Bhilai
0%
2,175,000 Indian Subcontinent Bhubaneswar
0%
1,230,000 Southeast Asia Cirebon
0%
1,100,000 Indian Subcontinent Dehra Dun
0%
1,500,000 Indian Subcontinent Dhanbad
0%
3,575,000 Indian Subcontinent Gujranwala
0%
1,260,000 Indian Subcontinent Guwahati
0%
1,270,000 Indian Subcontinent Hubli-Dharwar
0%
1,640,000 Indian Subcontinent Jabalpur
0%
1,260,000 Indian Subcontinent Jalandhar
0%
1,860,000 Indian Subcontinent Jamshedpur
0%
1,750,000 Indian Subcontinent Jodhpur
0%
1,270,000 Southeast Asia Karawang
0%
1,220,000 Indian Subcontinent Khulna
0%
2,175,000 Indian Subcontinent Ludhiana
0%
2,000,000 Indian Subcontinent Madurai
0%
1,770,000 Southeast Asia Malang
0%
1,970,000 Indian Subcontinent Meerut
0%
1,530,000 Indian Subcontinent Moradabad
0%
2,500,000 Indian Subcontinent Nashik
0%
1,120,000 Southeast Asia Pekanbaru
0%
1,610,000 Indian Subcontinent Prayagraj
0%
1,670,000 Indian Subcontinent Ranchi
0%
1,220,000 Indian Subcontinent Saharanpur
0%
1,260,000 Indian Subcontinent Salem
0%
1,120,000 Indian Subcontinent Sargodha
0%
1,250,000 Southeast Asia Serang
0%
1,260,000 Indian Subcontinent Shiliguri
0%
1,090,000 Indian Subcontinent Sialkot
0%
1,180,000 Indian Subcontinent Solapur
0%
1,860,000 Indian Subcontinent Srinagar
0%
1,710,000 Southeast Asia Surakarta
0%
1,340,000 Indian Subcontinent Tiruchirappalli
0%
1,700,000 Indian Subcontinent Tiruppur
0%
2,500,000 Indian Subcontinent Vadodara
0%
2,450,000 Indian Subcontinent Vijayawada
0%
2,550,000 Indian Subcontinent Visakapatnam
0%
1,130,000 Indian Subcontinent Warangal
0%
No matching quizzes found
Score Distribution
Percent of People with Each Score
Percentile by Number Answered
Your Score History
You have not taken this quiz